000 00478nam a22001817a 4500
003 BD-ChCU
005 20251120142529.0
008 251120b bg ||||| |||| 00| 0 ben d
040 _cBD-ChCU
082 _a510 SOM
100 _aSokolnikoff, I. S.
_916560
245 _aMathematical theory of elasticity.//
_cI. S. Sokolnikoff.
250 _a2nd ed.
260 _aNew York
_bMcGraw-Hill
_c1956
300 _axi, 476p
650 0 _aMathematics.
_916561
942 _2ddc
_cBK
_n0
999 _c109654
_d109654